000 00709cam a22002051 4500
001 ne 66001264
003 DLC
005 20260227111824.0
008 840127s1965 ua 000 0 arar
010 _ane 66001264
035 _a(OCoLC)10345675
040 _aDLC
_cTxU
_dTxU
_dDLC
050 0 0 _aLC2605
_b.F3
100 1 _aFahmī, Muḥammad Sayf al-Dīn.
245 1 3 _aal-Takhṭīṭ al-taʻlīmī,
_bususuhu wa-asālībuhu wa-mushkilātuhu.
_ctaʼlīf Muḥammad Sayf al-Dīn Fahmī. Rājaʻahu Mukhtār Ḥamzah.
260 _aal-Qāhirah,
_bMaktabat al-Anjulū al-Miṣrīyah,
_c1965.
300 _a227 p.
_c24 cm.
504 _aBibliography: p. [218]-227.
650 0 _aEducation
_zDeveloping countries.
999 _c49000
_d49000